| 000 | 01167nam a2200349 i 4500 | ||
|---|---|---|---|
| 001 | 44293 | ||
| 003 | ES-MaCES | ||
| 005 | 20160601114102.0 | ||
| 008 | 13021ss2013 sp 000|0 spad | ||
| 017 |
_aM 24009-2013 _bDL |
||
| 024 | 7 |
_a030-13-130-X _2NIPO |
|
| 024 | 7 |
_a030-13-129-7 _2NIPO |
|
| 040 |
_aES-MaCES _bspa _cES-MaCES |
||
| 245 | 0 | 0 |
_aCurso escolar 2013/2014 _b: datos y cifras |
| 250 | _aEd. 2013 | ||
| 260 |
_a[Madrid] _bSubdirección General de Documentación y Publicaciones, Ministerio de Educación, Cultura y Deporte _c2013 |
||
| 300 |
_a47 p. _bgráf. col. _c21 cm |
||
| 500 | _aTít. tomado de la cub. | ||
| 541 | _cGratuito | ||
| 650 | 4 |
_apresupuesto de la educación _927398 |
|
| 650 | 4 |
_abeca _927403 |
|
| 650 | 4 |
_agasto público _928076 |
|
| 650 | 4 |
_asistema educativo _927375 |
|
| 650 | 4 |
_adatos estadísticos _930765 |
|
| 650 | 4 |
_aEspaña _926964 |
|
| 650 | 4 |
_a2013-2014 _932055 |
|
| 653 | 1 | 0 | _aEstadísticas económico-sociales |
| 710 | 1 |
_aEspaña _bMinisterio de Educación, Cultura y Deporte _eed. _93239 |
|
| 787 | 0 |
_tCurso escolar 2012/2013 _w(ES-MaCES)24846 |
|
| 902 | _aDOC Literatura gris | ||
| 942 |
_2CES _cBK _h8.2. |
||
| 999 |
_c44293 _d44293 |
||